000 00867cam a2200157 4500500
005 20251228065333.0
041 _afre
042 _adc
100 1 0 _aBonnafé, Lucien
_eauthor
245 0 0 _aÀ l'affiche
260 _c2003.
500 _a44
520 _aRésumé« Elle est à toi, cette chanson. » (Georges Brassens) Il faut du temps pour faire un deuil. Depuis un mois, je suis devant la feuille blanche, et si tout se pressait dans ma tête, rien ne pouvait arriver au bout de ma plume. Tom, tu étais pour moi la vie qui bouillonne, qui emporte, qui exalte ! Il m’était impossible de te dire absent. Il m’était impossible de te penser mort.
786 0 _nVST - Vie sociale et traitements | 79 | 3 | 2003-09-01 | p. 3-3 | 0396-8669
856 4 1 _uhttps://shs.cairn.info/revue-vie-sociale-et-traitements-2003-3-page-3?lang=fr&redirect-ssocas=7080
999 _c1591246
_d1591246